000 00511nam a2200217Ia 4500
003 OSt
005 20220918231306.0
006 a|||||r|||| 00| 0
007 ta
008 220917b |||||||| |||| 00| 0 eng d
024 _a275,212
037 _cTextual
040 _aARTS
_cARTS
_beng
041 _2eng
_aeng
082 _aV2, E4
245 0 _aDebates of Indian affairs
_b House of commons
260 _c1914
650 _aHISTORY
942 _hV2, E4
_cTEXL
_2CC
999 _c290421
_d290421